Olympischer Medaillenspiegel - Tischtennis - Statistiken

Allgemein
  • Dieses Quiz wurde 81 mal gespielt
  • Das Durchschnittsergebnis liegt bei 8 aus 12
Antwortstatistiken
Gesamt Gold Silber Bronze Land % Korrekt
66 37 21 8 China
100%
9 0 4 5 Deutschland
99%
10 1 4 5 Japan
96%
20 3 3 14 Südkorea
93%
4 0 1 3 Frankreich
88%
5 1 3 1 Schweden
82%
3 0 1 2 Taiwan
65%
5 0 2 3 Nordkorea
56%
1 0 0 1 Dänemark
43%
2 0 1 1 Hongkong
24%
3 0 1 2 Singapur
22%
2 0 1 1 Jugoslawien
17%
Keine übereinstimmenden Quizze gefunden
Verteilung der Resultate
Anzahl Personen mit jedem Resultat
Perzentil nach korrekt beantworteten Fragen
Ihre Resultats-Entwicklung
Sie haben dieses Quiz noch nicht gespielt